Statystyki dla Kierowcy F1 2004

Kliknij tutaj aby rozwiązać quiz!

Ogólne statystyki

  • Ten quiz został rozwiązany 27 razy
  • Średni wynik to 14 z 26

Statystyki odpowiedzi

ZespółKierowca% Poprawnych
Scuderia Ferrari MarlboroMichael Schumacher
100%
Ralf Schumacher
95%
Fernando Alonso
90%
Kimi Raikkonen
90%
Rubens Barrichello
90%
Jaguar RacingMark Webber
86%
Lucky Strike BAR HondaJenson Button
81%
Jarno Trulli
76%
Mild Seven Renault F1 TeamJarno Trulli
76%
BMW WilliamsF1 TeamJuan Pablo Montoya
76%
West McLaren MercedesDavid Coulthard
67%
Felipe Massa
62%
Takuma Sato
62%
Jordan FordNick Heidfeld
48%
Sauber PetronasGiancarlo Fisichella
43%
Jacques Villeneuve
43%
Timo Glock
38%
Panasonic Toyota RacingCristiano da Matta
33%
Olivier Panis
33%
Christian Klien
29%
Ricardo Zonta
29%
Zsolt Baumgartner
24%
Antonio Pizzonia
14%
Giorgio Pantano
14%
Minardi CosworthGianmaria Bruni
10%
Marc Gene
10%

Rozkład punktacji

Percentyl według liczby udzielonych odpowiedzi

Procent ludzi z każdym wynikiem

Twoja historia wyników

Nie rozwiązałeś tego quizu